LEADER 01248nam a2200253 i 4500 001 000000227598 003 CaOOAMICUS 005 20140303000000.0 008 140303s1976 it u000 u ita u 013 $a206500 040 $aSeMil$bita 100 1 $aKümmel, Werner Georg.$0(OLS)http://semarc/name/15015 240 14$aDas Neue Testament-Geschichte der Erforschung seiner Probleme.$0(OLS)http://semarc/title/325713 245 13$aIl Nuovo Testamento :$bstoria dell'indagine scientifica sul problema neotestamentario /$cWerner Georg Kümmel. 260 $aBologna :$bIl Mulino,$c1976. 300 $aXXXV, 620 p. ;$c22 cm. 490 0 $aCollana di studi religiosi 650 4$aBibbia. Nuovo Testamento - Commentari, studi, critica, interpretazioni.$0(OLS)http://semarc/subject/184 650 4$aBibbia - NT - Esegesi.$0(OLS)http://semarc/subject/12584 830 0$aCollana di studi religiosi.$0(OLS)http://semarc/title/6613 850 $aSeMil 852 $aSeMil$W1$xVenegono$y1$m2Y III 16$j177944$B177944$CSeMilBibl$Z2$F188822 $81 996 $6245$aIl Nuovo Testamento :$bstoria dell'indagine scientifica sul problema neotestamentario$9(OLS)http://semarc/title/325712 996 $6260$aBologna :$bIl Mulino$9(OLS)http://semarc/publisher/29842 LEADER 00910nam a2200241 i 4500 001 000000140375 003 CaOOAMICUS 005 20260317101942.0 008 050615s1948 it u000 u ita u 013 $a114575 040 $aSeMil$bita 100 1 $aGuardini, Romano,$d<1885-1968>.$0(OLS)http://semarc/name/3002 240 14$aDer Tod des Sokrates.$0(OLS)http://semarc/title/168529 245 13$aLa morte di Socrate /$cdi Romano Guardini. 260 $aMilano :$bLonganesi & C.,$c1948. 300 $a264 p. ;$c19 cm. 490 0 $aLa buona società ;$v10 830 3$aLa buona società ;$v10.$0(OLS)http://semarc/title/7215 850 $aSeMil 852 $aSeMil$W1$xVenegono$y1$m2R I 249$j93754$B93754$CSeMilBibl$Z2$F99146 $81 996 $6245$aLa morte di Socrate$9(OLS)http://semarc/title/205145 996 $6260$aMilano :$bLonganesi & C.$9(OLS)http://semarc/publisher/31590